[Event "RUS Cup Qualifier 3"]
[Site "chessassistantclub.com INT"]
[Date "2004.10.21"]
[Round "?"]
[White "Kharlov, Andrei"]
[Black "Oganyan, Arsen"]
[Result "1-0"]
[WhiteElo "2591"]
[BlackElo "2175"]
[PlyCount "211"]
[EventDate "2004.10.21"]
[EventType "swiss (blitz)"]
[EventRounds "13"]
[EventCountry "RUS"]
[SourceTitle "EXT 2006"]
[Source "ChessBase"]
[SourceDate "2005.11.24"]
[SourceVersion "1"]
[SourceVersionDate "2005.11.24"]
[SourceQuality "1"]

1. d4 d5 2. Nf3 Nf6 3. Bf4 c5 4. e3 Qb6 5. Qc1 Nc6 6. c3 Bf5 7. Nbd2 Nh5 8. Bg3
Nxg3 9. hxg3 h6 10. Be2 e6 11. Nb3 Rc8 12. O-O Be7 13. dxc5 Bxc5 14. Nxc5 Qxc5
15. Qd1 O-O 16. Qb3 Na5 17. Qa4 Qb6 18. Qb5 Qxb5 19. Bxb5 Nc4 20. Bxc4 Rxc4 21.
Rfd1 Rfc8 22. Rd4 b5 23. a3 a5 24. Rad1 Be4 25. Nd2 Rxd4 26. exd4 Bg6 27. Rc1
b4 28. Nb3 bxa3 29. bxa3 Kh7 30. g4 Rb8 31. Nxa5 Ra8 32. Nb7 Rxa3 33. Nc5 h5
34. gxh5 Bxh5 35. Nd3 Bg6 36. Ne5 f6 37. Nd7 Kg8 38. c4 dxc4 39. Rxc4 Ra7 40.
Rc8+ Kf7 41. Nc5 Bf5 42. f3 e5 43. Rd8 Rc7 44. Ne4 Bxe4 45. fxe4 Rc4 46. dxe5
fxe5 47. Rd7+ Kf6 48. Rd6+ Kg5 49. Rd7 g6 50. Kf2 Rxe4 51. Rd6 Kf5 52. Ra6 Rc4
53. Ra2 Rc3 54. Rb2 Kf4 55. Ra2 e4 56. Rb2 g5 57. Ra2 Rd3 58. Re2 e3+ 59. Ke1
Kg3 60. Ra2 Rb3 61. Ra4 Rb2 62. Re4 g4 63. Rxe3+ Kxg2 64. Re8 g3 65. Rg8 Rf2
66. Rg5 Rf4 67. Ke2 Kh2 68. Ke3 Rf8 69. Ke2 g2 70. Rh5+ Kg3 71. Rg5+ Kh3 72.
Rg7 Rf1 73. Rh7+ Kg3 74. Rg7+ Kh2 75. Rh7+ Kg1 76. Rh5 Rf4 77. Rh6 Re4+ 78. Kf3
Re1 79. Rg6 Rf1+ 80. Ke2 Rf5 81. Rg4 Kh2 82. Rh4+ Kg3 83. Rh5 g1=Q 84. Rxf5
Qg2+ 85. Ke3 Qc2 86. Rf3+ Kg4 87. Rf4+ Kg5 88. Rd4 Qc3+ 89. Ke4 Kg4 90. Rd5
Qf3+ 91. Ke5 Kg5 92. Rd4 Kg6 93. Re4 Qc3+ 94. Rd4 Kg5 95. Ke4 Kg4 96. Ke5+ Kf3
97. Kd5 Qa5+ 98. Kc4 Ke3 99. Rd3+ Ke4 100. Rd4+ Ke5 101. Rd3 Qa4+ 102. Kc3 Ke4
103. Rd2 Qa3+ 104. Kc2 Ke3 105. Rd1 Qa2+ 106. Kc1 1-0

[Event "RUS Cup Qualifier 3"]
[Site "chessassistantclub.com INT"]
[Date "2004.10.21"]
[Round "?"]
[White "Kharlov, Andrei"]
[Black "Shipov, Sergei"]
[Result "1/2-1/2"]
[WhiteElo "2591"]
[BlackElo "2589"]
[PlyCount "94"]
[EventDate "2004.10.21"]
[EventType "swiss (blitz)"]
[EventRounds "13"]
[EventCountry "RUS"]
[SourceTitle "EXT 2006"]
[Source "ChessBase"]
[SourceDate "2005.11.24"]
[SourceVersion "1"]
[SourceVersionDate "2005.11.24"]
[SourceQuality "1"]

1. e4 c5 2. c3 d5 3. exd5 Qxd5 4. d4 Nf6 5. Nf3 Bg4 6. Be2 e6 7. h3 Bh5 8. O-O
Nc6 9. Be3 cxd4 10. Nxd4 Bxe2 11. Qxe2 Be7 12. Rd1 Rd8 13. Nd2 O-O 14. N2f3 a6
15. Qc2 Rc8 16. Nxc6 Qxc6 17. Qb3 Nd5 18. Bd2 Rfd8 19. a4 Qb6 20. Qxb6 Nxb6 21.
b3 f6 22. c4 Nd7 23. Be3 Nc5 24. Bxc5 Bxc5 25. Kf1 Kf7 26. Ke2 g5 27. Ne1 f5
28. Rxd8 Rxd8 29. Nd3 Bd4 30. Rd1 Ke7 31. g4 a5 32. f3 Kf6 33. Nc5 b6 34. Na6
Ke7 35. Nc7 Rd7 36. gxf5 Rxc7 37. Rxd4 exf5 38. h4 h6 39. hxg5 hxg5 40. Rd5 Rc5
41. Rd4 Re5+ 42. Kf2 f4 43. Rd3 Ke6 44. Kf1 Kf5 45. Kf2 Ke6 46. Kf1 Ke7 47. Kf2
Ke6 1/2-1/2

[Event "RUS Cup Qualifier 3"]
[Site "chessassistantclub.com INT"]
[Date "2004.10.21"]
[Round "?"]
[White "Kharlov, Andrei"]
[Black "Vlassov, Nikolai"]
[Result "1-0"]
[WhiteElo "2591"]
[BlackElo "2466"]
[PlyCount "75"]
[EventDate "2004.10.21"]
[EventType "swiss (blitz)"]
[EventRounds "13"]
[EventCountry "RUS"]
[SourceTitle "EXT 2006"]
[Source "ChessBase"]
[SourceDate "2005.11.24"]
[SourceVersion "1"]
[SourceVersionDate "2005.11.24"]
[SourceQuality "1"]

1. c4 Nf6 2. Nf3 c5 3. Nc3 b6 4. e3 Bb7 5. d4 cxd4 6. exd4 e6 7. Be2 Be7 8. O-O
d6 9. Be3 Nbd7 10. Rc1 Rc8 11. b3 a6 12. Re1 Qc7 13. Qd2 Qb8 14. d5 exd5 15.
cxd5 O-O 16. Nd4 Rfe8 17. Nc6 Qa8 18. Bf3 Bf8 19. h3 Nxd5 20. Nxd5 Bxc6 21.
Rxc6 Rxc6 22. Nb4 Ne5 23. Bd5 Qc8 24. Nxc6 Nxc6 25. Rc1 Qf5 26. Bxc6 Rc8 27.
Bf3 Rxc1+ 28. Qxc1 b5 29. Qd2 g6 30. Bd5 Bg7 31. h4 Be5 32. g3 h5 33. Kg2 Kg7
34. Bf3 Kh7 35. Qd5 Kg7 36. Qb7 Qc2 37. Be4 Qxa2 38. Bd5 1-0

[Event "RUS Cup Qualifier 3"]
[Site "chessassistantclub.com INT"]
[Date "2004.10.21"]
[Round "?"]
[White "Mashinskaya, Iulia"]
[Black "Kharlov, Andrei"]
[Result "0-1"]
[WhiteElo "2205"]
[BlackElo "2591"]
[PlyCount "152"]
[EventDate "2004.10.21"]
[EventType "swiss (blitz)"]
[EventRounds "13"]
[EventCountry "RUS"]
[SourceTitle "EXT 2006"]
[Source "ChessBase"]
[SourceDate "2005.11.24"]
[SourceVersion "1"]
[SourceVersionDate "2005.11.24"]
[SourceQuality "1"]

1. e4 c5 2. Nf3 Nc6 3. Bb5 d6 4. O-O Bd7 5. Re1 Nf6 6. c3 a6 7. Bf1 Bg4 8. d3
e6 9. Nbd2 Be7 10. h3 Bh5 11. g4 Bg6 12. Bg2 Nd7 13. Nf1 h5 14. d4 hxg4 15.
hxg4 cxd4 16. Nxd4 Nf6 17. Ng3 Rc8 18. Ndf5 Bf8 19. Bf4 Ne5 20. Ne3 Nfd7 21.
Qe2 Qh4 22. Rad1 Qf6 23. Nef5 Rc6 24. Qe3 Qd8 25. f3 Qb6 26. Qxb6 Rxb6 27. b3
Rc6 28. c4 Nc5 29. Nd4 Rc8 30. Be3 Be7 31. Bf1 O-O 32. Bf2 Rfd8 33. Bh3 Bf6 34.
f4 Ned3 35. f5 Nxe1 36. Bxe1 Bh7 37. Nf3 Be7 38. g5 exf5 39. exf5 Rb8 40. Nd4
Bf8 41. Bf2 Re8 42. Kg2 Ne4 43. Kf3 Nxf2 44. Kxf2 Rbd8 45. Rh1 d5 46. g6 fxg6
47. fxg6 Bxg6 48. Be6+ Bf7 49. Bxf7+ Kxf7 50. Nf3 dxc4 51. bxc4 Kg8 52. Ng5
Bc5+ 53. Kf3 Rd3+ 54. Kg4 Rd4+ 55. Kh5 Rxc4 56. Nf5 Bf8 57. Kg6 Rc6+ 58. Kh5
Re5 59. Nh4 Rcc5 60. Rg1 Be7 61. Nhf3 Rf5 62. Re1 Rxg5+ 63. Nxg5 Rxg5+ 64. Kh4
Kf7 65. Rxe7+ Kxe7 66. Kxg5 b5 67. Kg6 b4 68. Kxg7 a5 69. Kg6 a4 70. Kf5 b3 71.
a3 b2 72. Ke4 b1=Q+ 73. Kd4 Qb3 74. Kc5 Qxa3+ 75. Kc4 Qb3+ 76. Kc5 a3 0-1

[Event "RUS Cup Qualifier 3"]
[Site "chessassistantclub.com INT"]
[Date "2004.10.21"]
[Round "?"]
[White "Pugachov, Alexey"]
[Black "Kharlov, Andrei"]
[Result "1/2-1/2"]
[WhiteElo "2499"]
[BlackElo "2591"]
[PlyCount "72"]
[EventDate "2004.10.21"]
[EventType "swiss (blitz)"]
[EventRounds "13"]
[EventCountry "RUS"]
[SourceTitle "EXT 2006"]
[Source "ChessBase"]
[SourceDate "2005.11.24"]
[SourceVersion "1"]
[SourceVersionDate "2005.11.24"]
[SourceQuality "1"]

1. e4 c5 2. Nf3 Nc6 3. Bb5 d6 4. O-O Bd7 5. Re1 Nf6 6. h3 a6 7. Bf1 e5 8. c3 g6
9. d4 Bg7 10. d5 Ne7 11. c4 b5 12. cxb5 axb5 13. b4 cxb4 14. Bd2 Ra4 15. Qb3
O-O 16. Bxb4 Nfxd5 17. Bxd6 Nc7 18. Nc3 Be6 19. Qd1 Ra8 20. Bxe5 Bxe5 21. Nxe5
b4 22. Nb5 Nxb5 23. Bxb5 Qxd1 24. Rexd1 Rxa2 25. Bc4 Bxc4 26. Nxc4 Rxa1 27.
Rxa1 Rb8 28. Rb1 Nc6 29. f3 b3 30. Kf2 Rb4 31. Nd2 b2 32. Ke3 Nd4 33. Kd3 Ne6
34. Kc3 Rb8 35. Rxb2 Rxb2 36. Kxb2 Nf4 1/2-1/2

[Event "RUS Cup Qualifier 3"]
[Site "chessassistantclub.com INT"]
[Date "2004.10.21"]
[Round "?"]
[White "Rustemov, Alexander"]
[Black "Kharlov, Andrei"]
[Result "0-1"]
[WhiteElo "2604"]
[BlackElo "2591"]
[PlyCount "102"]
[EventDate "2004.10.21"]
[EventType "swiss (blitz)"]
[EventRounds "13"]
[EventCountry "RUS"]
[SourceTitle "EXT 2006"]
[Source "ChessBase"]
[SourceDate "2005.11.24"]
[SourceVersion "1"]
[SourceVersionDate "2005.11.24"]
[SourceQuality "1"]

1. Nf3 Nf6 2. c4 e6 3. Nc3 d5 4. e3 c5 5. d4 a6 6. cxd5 exd5 7. Be2 c4 8. O-O
b5 9. Ne5 Bb7 10. f4 Bd6 11. a3 Nbd7 12. Bd2 O-O 13. Be1 Ne4 14. Nxe4 dxe4 15.
Nxd7 Qxd7 16. Bb4 Bd5 17. Qd2 Rfc8 18. Rfc1 Bxb4 19. axb4 Rc6 20. Ra3 Re8 21.
Bf1 h6 22. g3 g5 23. Kh1 gxf4 24. gxf4 Kh8 25. Qf2 Rg8 26. Raa1 Qf5 27. Be2
Rcg6 28. Rg1 Qf6 29. Bh5 Rxg1+ 30. Rxg1 Rxg1+ 31. Kxg1 Qe7 32. Qe1 Qf8 33. Kg2
Qe7 34. Be2 Be6 35. Qg3 Kh7 36. Qe1 Qf8 37. Bh5 Qe7 38. Kf1 Bh3+ 39. Ke2 Qe6
40. Qh4 c3 41. bxc3 Qc4+ 42. Ke1 Qf1+ 43. Kd2 Qd3+ 44. Kc1 Qxc3+ 45. Kb1 Qxb4+
46. Kc2 Qc4+ 47. Kb2 Qb4+ 48. Kc2 Bf1 49. Bd1 Bd3+ 50. Kc1 Qc3+ 51. Bc2 Qxc2#
0-1

[Event "RUS Cup Qualifier 3"]
[Site "chessassistantclub.com INT"]
[Date "2004.10.21"]
[Round "?"]
[White "Starosek, Konstantin"]
[Black "Kharlov, Andrei"]
[Result "0-1"]
[WhiteElo "2488"]
[BlackElo "2591"]
[PlyCount "124"]
[EventDate "2004.10.21"]
[EventType "swiss (blitz)"]
[EventRounds "13"]
[EventCountry "RUS"]
[SourceTitle "EXT 2006"]
[Source "ChessBase"]
[SourceDate "2005.11.24"]
[SourceVersion "1"]
[SourceVersionDate "2005.11.24"]
[SourceQuality "1"]

1. Nf3 d5 2. g3 Bg4 3. Bg2 Nd7 4. d3 c6 5. Nbd2 e6 6. O-O Bd6 7. e4 Ne7 8. h3
Bh5 9. Qe1 O-O 10. Nh2 e5 11. f4 exf4 12. gxf4 dxe4 13. dxe4 Re8 14. e5 Nf5 15.
Ne4 Bc7 16. Ng3 Bg6 17. Nxf5 Bxf5 18. Qc3 Ba5 19. Qb3 Qb6+ 20. Be3 Qxb3 21.
cxb3 Bb6 22. Rfe1 Nf8 23. Nf3 Ng6 24. Bxb6 axb6 25. Nd4 Bd3 26. e6 Nxf4 27.
exf7+ Kxf7 28. Red1 Rad8 29. Nf3 Nxg2 30. Kxg2 Be4 31. Kg3 Rxd1 32. Rxd1 Bd5
33. Nd4 g6 34. Rd3 Kg7 35. b4 b5 36. a3 Re7 37. Nf3 h6 38. Kf2 Rf7 39. Kg3
Rxf3+ 40. Rxf3 Bxf3 41. Kxf3 Kf6 42. Kf4 g5+ 43. Kg4 Kg6 44. b3 h5+ 45. Kg3 Kf5
46. a4 g4 47. hxg4+ hxg4 48. a5 Kg5 49. Kg2 Kf4 50. Kf2 Ke4 51. Kg2 Kd3 52. Kg3
Kc3 53. Kxg4 Kxb4 54. Kf3 Kxb3 55. Ke3 b4 56. Kd3 Ka2 57. Kc2 b3+ 58. Kc3 b2
59. Kb4 b1=Q+ 60. Kc5 Qb5+ 61. Kd6 Qxa5 62. Kd7 c5 0-1

[Event "RUS Cup Qualifier 3"]
[Site "chessassistantclub.com INT"]
[Date "2004.10.21"]
[Round "?"]
[White "Turov, Maxim"]
[Black "Kharlov, Andrei"]
[Result "1/2-1/2"]
[WhiteElo "2509"]
[BlackElo "2591"]
[PlyCount "41"]
[EventDate "2004.10.21"]
[EventType "swiss (blitz)"]
[EventRounds "13"]
[EventCountry "RUS"]
[SourceTitle "EXT 2006"]
[Source "ChessBase"]
[SourceDate "2005.11.24"]
[SourceVersion "1"]
[SourceVersionDate "2005.11.24"]
[SourceQuality "1"]

1. e4 c5 2. Nc3 e6 3. f4 d5 4. Nf3 dxe4 5. Nxe4 Be7 6. g3 Nf6 7. Nf2 b6 8. b3
Bb7 9. Bg2 O-O 10. Bb2 Nbd7 11. Qe2 Qc7 12. O-O Rfe8 13. Rad1 a6 14. c4 b5 15.
d3 Bc6 16. Ne4 Qb7 17. Nxf6+ Bxf6 18. Bxf6 Nxf6 19. Qe3 Nd7 20. Rd2 h6 21. Re1
1/2-1/2

[Event "EU-ch Internet final"]
[Site "playchess.com INT"]
[Date "2004.11.07"]
[Round "1.1"]
[White "Kharlov, Andrei"]
[Black "Bacrot, Etienne"]
[Result "1-0"]
[WhiteElo "2604"]
[BlackElo "2712"]
[PlyCount "151"]
[EventDate "2004.11.07"]
[EventType "k.o. (blitz)"]
[EventRounds "4"]
[EventCountry "GER"]
[SourceTitle "EXT 2005"]
[Source "ChessBase"]
[SourceDate "2004.11.15"]
[SourceVersion "1"]
[SourceVersionDate "2004.11.15"]
[SourceQuality "1"]

1. d4 g6 2. Nf3 Bg7 3. g3 d6 4. Bg2 Nf6 5. O-O O-O 6. b3 c6 7. Bb2 Bf5 8. Nbd2
d5 9. c4 Nbd7 10. e3 a5 11. cxd5 cxd5 12. Qe2 a4 13. bxa4 Rxa4 14. Rfc1 Qb6 15.
Bc3 Rfa8 16. Nb3 Qa6 17. Qxa6 R4xa6 18. Bb4 Bf8 19. a3 e6 20. Bf1 R6a7 21. Bb5
Bg4 22. Kg2 Bxb4 23. axb4 Rxa1 24. Rxa1 Rxa1 25. Nxa1 Bxf3+ 26. Kxf3 Nb6 27.
Bd3 Nc8 28. Ke2 Nd6 29. Nc2 Kf8 30. f3 Ke7 31. Kd2 h6 32. Ke2 Nd7 33. e4 dxe4
34. fxe4 e5 35. Ke3 h5 36. Na3 f6 37. Nc2 exd4+ 38. Kxd4 Ne5 39. Be2 Ke6 40.
Ke3 Nc6 41. Nd4+ Kd7 42. Nxc6 Kxc6 43. Kd4 Nf7 44. h4 Ne5 45. b5+ Kd6 46. Bd1
b6 47. Bb3 g5 48. Bd1 gxh4 49. gxh4 Ng6 50. Bxh5 Nxh4 51. Bd1 Ng6 52. Be2 Nf4
53. Bg4 Ng6 54. Bh5 Ne5 55. Be2 Nd7 56. Bh5 Ne5 57. Bd1 Nd7 58. Bb3 Nc5 59. Bd5
Nd7 60. Bb3 Nf8 61. Bc4 Ne6+ 62. Bxe6 Kxe6 63. Kd3 Ke5 64. Ke3 Kd6 65. Kf4 Ke6
66. Ke3 Ke5 67. Kd3 Kf4 68. Kd4 Kf3 69. e5 fxe5+ 70. Kxe5 Ke3 71. Kd5 Kf4 72.
Kc6 Ke5 73. Kxb6 Kd6 74. Ka7 Kc5 75. b6 Kc6 76. b7 1-0

[Event "EU-ch Internet final"]
[Site "playchess.com INT"]
[Date "2004.11.07"]
[Round "1.1"]
[White "Kharlov, Andrei"]
[Black "Landa, Konstantin"]
[Result "1-0"]
[WhiteElo "2604"]
[BlackElo "2562"]
[PlyCount "93"]
[EventDate "2004.11.07"]
[EventType "k.o. (blitz)"]
[EventRounds "4"]
[EventCountry "GER"]
[SourceTitle "EXT 2005"]
[Source "ChessBase"]
[SourceDate "2004.11.15"]
[SourceVersion "1"]
[SourceVersionDate "2004.11.15"]
[SourceQuality "1"]

1. d4 Nf6 2. c4 e6 3. Nc3 Bb4 4. e3 O-O 5. Nge2 d5 6. a3 Bd6 7. c5 Be7 8. b4
Nbd7 9. Bd2 e5 10. Ng3 Re8 11. Be2 Bf8 12. O-O g6 13. b5 Bg7 14. Qb3 c6 15.
Rfe1 Nf8 16. bxc6 bxc6 17. Qa4 Qc7 18. dxe5 Rxe5 19. Bf3 N6d7 20. Nce2 Re8 21.
Nd4 Nxc5 22. Qc2 Nfe6 23. Nxe6 Nxe6 24. Rac1 Qe7 25. Bb4 Qd7 26. Qxc6 Qxc6 27.
Rxc6 Bb7 28. Bxd5 a5 29. Rxe6 fxe6 30. Bxb7 Ra7 31. Bxa5 Rxa5 32. a4 Rd8 33.
Bc6 Bc3 34. Rb1 Kg7 35. Ne4 Be5 36. g3 Rc8 37. Rb7+ Rc7 38. Rb6 Bf6 39. Bb5 Bd8
40. Rxe6 Rc1+ 41. Kg2 Kf7 42. Rd6 Be7 43. Rd7 Ke6 44. Rb7 Ra8 45. h4 Kf7 46.
Ng5+ Kf8 47. Nxh7+ 1-0

[Event "EU-ch Internet final"]
[Site "playchess.com INT"]
[Date "2004.11.07"]
[Round "1.1"]
[White "Kharlov, Andrei"]
[Black "Nielsen, Peter Heine"]
[Result "1/2-1/2"]
[WhiteElo "2604"]
[BlackElo "2652"]
[PlyCount "145"]
[EventDate "2004.11.07"]
[EventType "k.o. (blitz)"]
[EventRounds "4"]
[EventCountry "GER"]
[SourceTitle "EXT 2005"]
[Source "ChessBase"]
[SourceDate "2004.11.15"]
[SourceVersion "1"]
[SourceVersionDate "2004.11.15"]
[SourceQuality "1"]

1. c4 Nf6 2. Nc3 c5 3. g3 e6 4. Nf3 b6 5. Bg2 Bb7 6. O-O Be7 7. b3 O-O 8. Bb2
d5 9. e3 Nc6 10. cxd5 Nxd5 11. Nxd5 exd5 12. d4 c4 13. Ne5 b5 14. bxc4 bxc4 15.
Bc3 Rb8 16. Rb1 Ba8 17. Rxb8 Nxb8 18. Qa4 f6 19. Qxa7 Nc6 20. Nxc6 Bxc6 21. Rb1
Bd6 22. Qa6 Qd7 23. Rb6 Ra8 24. Rxc6 Rxa6 25. Bxd5+ Kf8 26. Rxa6 g6 27. Bxc4
Qc7 28. Bb3 h5 29. Ba5 Qc1+ 30. Kg2 Be7 31. Ra8+ Kg7 32. Ra7 Kf8 33. d5 h4 34.
gxh4 Qb1 35. d6 Bxd6 36. Rf7+ Ke8 37. Rxf6 Qe4+ 38. f3 Qd3 39. Be1 Be7 40. Re6
Kd7 41. Re4 Bd6 42. Bf2 Qe2 43. Rg4 Bxh2 44. Rxg6 Bd6 45. h5 Be7 46. Rg4 Qa6
47. Rd4+ Ke8 48. Ba4+ Kf8 49. Rf4+ Kg7 50. Bb3 Bf6 51. Rg4+ Kh8 52. h6 Qd3 53.
Rf4 Qg6+ 54. Rg4 Qxh6 55. Bd5 Qh5 56. Be4 Qc5 57. Rg6 Qc3 58. a4 Be5 59. a5
Qxa5 60. Rg5 Qc3 61. f4 Bf6 62. Rg6 Qb2 63. Kf3 Qa1 64. Kg2 Qb2 65. Bf3 Qa1 66.
Rg4 Qb2 67. Rg3 Bc3 68. Rh3+ Kg7 69. Rh1 Bb4 70. Rd1 Bc5 71. Rd3 Kf6 72. Kg3
Ke7 73. Rd5 1/2-1/2

[Event "EU-ch Internet final"]
[Site "playchess.com INT"]
[Date "2004.11.07"]
[Round "1.2"]
[White "Bacrot, Etienne"]
[Black "Kharlov, Andrei"]
[Result "1/2-1/2"]
[WhiteElo "2712"]
[BlackElo "2604"]
[PlyCount "89"]
[EventDate "2004.11.07"]
[EventType "k.o. (blitz)"]
[EventRounds "4"]
[EventCountry "GER"]
[SourceTitle "EXT 2005"]
[Source "ChessBase"]
[SourceDate "2004.11.15"]
[SourceVersion "1"]
[SourceVersionDate "2004.11.15"]
[SourceQuality "1"]

1. e4 c5 2. Nf3 Nc6 3. Bc4 e6 4. O-O d6 5. Re1 Nf6 6. c3 Be7 7. d4 cxd4 8. cxd4
d5 9. exd5 exd5 10. Bb3 Bg4 11. Be3 Ne4 12. h3 Bh5 13. Nc3 Nxc3 14. bxc3 O-O
15. Bf4 Rc8 16. Qd3 Bg6 17. Qb5 Ba3 18. Bxd5 Qb6 19. Qxb6 axb6 20. Bc1 Bd6 21.
Bd2 Rfd8 22. Bg5 Rd7 23. Nh4 Bh2+ 24. Kxh2 Rxd5 25. Nxg6 hxg6 26. Bd2 Na5 27.
Rab1 Nc4 28. Bf4 Ra5 29. Re2 f6 30. Rb4 g5 31. Bg3 Ra3 32. Re7 Rxa2 33. Rxb7
Nd2 34. Rb8 Rxb8 35. Bxb8 Nf1+ 36. Kg1 Ra1 37. g4 Ne3+ 38. Kh2 Nd5 39. Rb3 Rc1
40. Rb5 Nxc3 41. Rxb6 Rd1 42. Rb4 Ne2 43. Ba7 Rd3 44. d5 Rxd5 45. Be3 1/2-1/2

[Event "EU-ch Internet final"]
[Site "playchess.com INT"]
[Date "2004.11.07"]
[Round "1.2"]
[White "Landa, Konstantin"]
[Black "Kharlov, Andrei"]
[Result "0-1"]
[WhiteElo "2562"]
[BlackElo "2604"]
[PlyCount "94"]
[EventDate "2004.11.07"]
[EventType "k.o. (blitz)"]
[EventRounds "4"]
[EventCountry "GER"]
[SourceTitle "EXT 2005"]
[Source "ChessBase"]
[SourceDate "2004.11.15"]
[SourceVersion "1"]
[SourceVersionDate "2004.11.15"]
[SourceQuality "1"]

1. e4 c5 2. Nf3 Nc6 3. Nc3 Nf6 4. Bb5 Qc7 5. O-O Nd4 6. Re1 e5 7. d3 Be7 8. Bg5
Nxb5 9. Nxb5 Qb6 10. Nc3 d6 11. Nd2 Qxb2 12. Bxf6 Qxc3 13. Bxe7 Kxe7 14. Nc4 b5
15. Ne3 Be6 16. a4 bxa4 17. f4 f6 18. Rxa4 Rhb8 19. fxe5 dxe5 20. Rf1 Kf8 21.
Qh5 Kg8 22. Ra6 Qd4 23. Rf3 Bf7 24. Qg4 Rb1+ 25. Kf2 Qc3 26. Kg3 Qe1+ 27. Kh3
h5 28. Qg3 Qxg3+ 29. Rxg3 Rb6 30. Ra5 Rc6 31. Nf5 Be6 32. Rxg7+ Kf8 33. Rg3 Rc7
34. Kh4 c4 35. Ra6 Re8 36. Nd6 Ree7 37. Nxc4 Bxc4 38. dxc4 Kf7 39. Ra4 Re8 40.
Rga3 Kg6 41. c3 Rec8 42. g3 Rxc4 43. Rxa7 Rxe4+ 44. Kh3 Re2 45. Rd7 Rb8 46.
Raa7 Rbb2 47. Rg7+ Kf5 0-1

[Event "EU-ch Internet final"]
[Site "playchess.com INT"]
[Date "2004.11.07"]
[Round "1.2"]
[White "Nielsen, Peter Heine"]
[Black "Kharlov, Andrei"]
[Result "1-0"]
[WhiteElo "2652"]
[BlackElo "2604"]
[PlyCount "55"]
[EventDate "2004.11.07"]
[EventType "k.o. (blitz)"]
[EventRounds "4"]
[EventCountry "GER"]
[SourceTitle "EXT 2005"]
[Source "ChessBase"]
[SourceDate "2004.11.15"]
[SourceVersion "1"]
[SourceVersionDate "2004.11.15"]
[SourceQuality "1"]

1. d4 d5 2. c4 e6 3. Nf3 Nf6 4. g3 dxc4 5. Bg2 c6 6. O-O b5 7. Ne5 Bb7 8. a4 a6
9. b3 cxb3 10. Qxb3 Be7 11. Bb2 O-O 12. Nd2 Nd5 13. Rfc1 b4 14. a5 Ra7 15. Ne4
Ba8 16. Nc5 Bxc5 17. dxc5 Nd7 18. e4 Nc3 19. Bxc3 bxc3 20. Qxc3 Nxe5 21. Qxe5
Rd7 22. h4 Qe7 23. Rd1 Rfd8 24. Rxd7 Qxd7 25. Rb1 f6 26. Qc3 e5 27. Kh2 Bb7 28.
Qb3+ 1-0

[Event "EU-ch Internet final"]
[Site "playchess.com INT"]
[Date "2004.11.07"]
[Round "1.3"]
[White "Kharlov, Andrei"]
[Black "Bacrot, Etienne"]
[Result "0-1"]
[WhiteElo "2604"]
[BlackElo "2712"]
[PlyCount "76"]
[EventDate "2004.11.07"]
[EventType "k.o. (blitz)"]
[EventRounds "4"]
[EventCountry "GER"]
[SourceTitle "EXT 2005"]
[Source "ChessBase"]
[SourceDate "2004.11.15"]
[SourceVersion "1"]
[SourceVersionDate "2004.11.15"]
[SourceQuality "1"]

1. c4 e5 2. g3 Nc6 3. Bg2 g6 4. Nc3 Bg7 5. d3 Nf6 6. Nf3 O-O 7. O-O d6 8. Bg5
h6 9. Bxf6 Qxf6 10. Rb1 a5 11. a3 Qd8 12. b4 axb4 13. axb4 Ne7 14. b5 Be6 15.
Nd2 e4 16. Qc2 exd3 17. exd3 c6 18. bxc6 bxc6 19. Rfe1 Qd7 20. Ne2 g5 21. Nb3
Nf5 22. d4 Ne7 23. Red1 Rfe8 24. Be4 Rab8 25. d5 cxd5 26. cxd5 Bg4 27. f3 Bh3
28. Nbd4 f5 29. Rxb8 Rxb8 30. Bd3 Qa7 31. Bc4 Rc8 32. Qd3 Qc5 33. Bb3 Ng6 34.
f4 gxf4 35. Nxf4 Nxf4 36. gxf4 Bg4 37. Rd2 Qc1+ 38. Bd1 Rc3 0-1

[Event "EU-ch Internet final"]
[Site "playchess.com INT"]
[Date "2004.11.07"]
[Round "1.3"]
[White "Kharlov, Andrei"]
[Black "Landa, Konstantin"]
[Result "0-1"]
[WhiteElo "2604"]
[BlackElo "2562"]
[PlyCount "116"]
[EventDate "2004.11.07"]
[EventType "k.o. (blitz)"]
[EventRounds "4"]
[EventCountry "GER"]
[SourceTitle "EXT 2005"]
[Source "ChessBase"]
[SourceDate "2004.11.15"]
[SourceVersion "1"]
[SourceVersionDate "2004.11.15"]
[SourceQuality "1"]

1. c4 c5 2. Nc3 Nc6 3. Nf3 e5 4. e3 f5 5. d4 e4 6. d5 Nce7 7. Nd2 Nf6 8. d6 Nc6
9. Nb5 Kf7 10. g4 a6 11. Nc7 Rb8 12. gxf5 Bxd6 13. Nd5 Be5 14. Bg2 Nxd5 15.
cxd5 Qg5 16. Bxe4 Ne7 17. Nf3 Qf6 18. Rg1 d6 19. Ng5+ Kg8 20. Ne6 Nxf5 21. Qf3
Bxe6 22. dxe6 Ne7 23. Qxf6 Bxf6 24. Bd2 d5 25. Bf3 b5 26. O-O-O Rb6 27. Ba5
Rxe6 28. Rxd5 Nxd5 29. Bxd5 Kf7 30. Rd1 Ke7 31. Bxe6 Kxe6 32. Bc3 Rf8 33. Rd2
Bxc3 34. bxc3 Rf3 35. Kc2 g5 36. Kd3 g4 37. Ke2 Rh3 38. Rd8 Rxh2 39. Rg8 h5 40.
Kf1 Rh1+ 41. Kg2 Ra1 42. Rg6+ Kd5 43. Rxa6 Kc4 44. e4 Kxc3 45. e5 Re1 46. e6 b4
47. Kg3 c4 48. Kh4 Re2 49. Kxh5 Rxf2 50. Kxg4 Re2 51. Kf5 Kb2 52. Kf6 c3 53. e7
c2 54. Re6 Rxe6+ 55. Kxe6 c1=Q 56. e8=Q Qe3+ 57. Kd7 Qxe8+ 58. Kxe8 Kxa2 $138
0-1

[Event "EU-ch Internet final"]
[Site "playchess.com INT"]
[Date "2004.11.07"]
[Round "1.3"]
[White "Kharlov, Andrei"]
[Black "Nielsen, Peter Heine"]
[Result "0-1"]
[WhiteElo "2604"]
[BlackElo "2652"]
[PlyCount "62"]
[EventDate "2004.11.07"]
[EventType "k.o. (blitz)"]
[EventRounds "4"]
[EventCountry "GER"]
[SourceTitle "EXT 2005"]
[Source "ChessBase"]
[SourceDate "2004.11.15"]
[SourceVersion "1"]
[SourceVersionDate "2004.11.15"]
[SourceQuality "1"]

1. c4 c5 2. Nc3 g6 3. Nf3 Bg7 4. d4 cxd4 5. Nxd4 Nc6 6. Nc2 Bxc3+ 7. bxc3 Qa5
8. e4 Nf6 9. f3 d6 10. Be2 Be6 11. O-O Rc8 12. Bh6 Ne5 13. Bg7 Rg8 14. Bxf6
Qc5+ 15. Kh1 exf6 16. Rb1 Bxc4 17. Rxb7 Bxe2 18. Qxe2 Kf8 19. Ne3 Kg7 20. Nd5
Rge8 21. Qa6 Rc6 22. Qxa7 Qc4 23. Qf2 Ra6 24. Ra1 Rea8 25. Qh4 g5 26. Qh3 Rxa2
27. Rg1 Ra1 28. Qf5 Rxg1+ 29. Kxg1 Ra1+ 30. Kf2 Qf1+ 31. Kg3 Qe1+ 0-1

[Event "EU-ch Internet final"]
[Site "playchess.com INT"]
[Date "2004.11.07"]
[Round "1.4"]
[White "Landa, Konstantin"]
[Black "Kharlov, Andrei"]
[Result "0-1"]
[WhiteElo "2562"]
[BlackElo "2604"]
[PlyCount "58"]
[EventDate "2004.11.07"]
[EventType "k.o. (blitz)"]
[EventRounds "4"]
[EventCountry "GER"]
[SourceTitle "EXT 2005"]
[Source "ChessBase"]
[SourceDate "2004.11.15"]
[SourceVersion "1"]
[SourceVersionDate "2004.11.15"]
[SourceQuality "1"]

1. e4 c5 2. Nf3 Nc6 3. Nc3 d6 4. d4 cxd4 5. Nxd4 e6 6. Be3 Nf6 7. Be2 Be7 8.
O-O O-O 9. f4 e5 10. Nb3 exf4 11. Bxf4 Be6 12. Kh1 d5 13. e5 Nd7 14. Nxd5 Ndxe5
15. Nxe7+ Qxe7 16. c3 Rad8 17. Qc2 f6 18. Rae1 b6 19. Bb5 Qd6 20. h3 Bxh3 21.
Rd1 Qe6 22. gxh3 Rxd1 23. Rxd1 Qxh3+ 24. Bh2 Qf3+ 25. Kg1 Qg4+ 26. Kh1 Qf3+ 27.
Kg1 Qg4+ 28. Kf2 Qf3+ 29. Ke1 Qh1+ 0-1